000 00429pab a2200157 454500
008 180718b1997 xxu||||| |||| 00| 0 eng d
100 _aWeber, Edward P.
245 _aFrom agitation to collaboration: clearing the air through negotiation
260 _c1997
300 _ap.396-410
362 _aSep-Oct
650 _aAir pollution
700 _aKhademian, Anne M.
773 _aPublic Administration Review
909 _a35973
999 _c35973
_d35973